00425nam a2200157Ia 45000010006000000050017000060080041000230410008000640820016000721000032000882450094001202600009002143000028002236500008002516540008002591758720260306171528.0260306s9999||||xx |||||||||||||| ||und|| aESP a658.05bJ53 aJiménez, Juan CarloseAUT 0aNegocios.com:bcómo construir marcas, hacer mercadeo y diseño interactivo en internet c2001 a162 páginas :c23 cm. aGEN aCAN